000 00411cam a2200181 4500
001 D2181
008 090401t1979 xxu||||| |||| 00| 0 eng d
035 _a(Sirsi) u67848
041 _aeng
050 _a333.33
100 _aCard, Richard
245 _aEstate Agents Act 1979
260 _aLondon
_bButterworths
_c1979
300 _axiii. 157p. 25cm
350 _a12.8
942 _n0
948 _c04/03/1997
999 _c95046
_d95046